[Event "29th February Tetrannual Cup"]
[Site "SchemingMind.com"]
[Date "2012.03.14"]
[Round "-"]
[White "Phillip Beckett"]
[Black "smothered mate"]
[Result "0-1"]
[WhiteCountry "ENG"]
[BlackCountry "POL"]
[WhiteElo "1594"]
[WhiteRD "53"]
[BlackElo "1994"]
[BlackRD "71"]
[GameID "305337"]

1. e4 c5 2. Nf3 a6 3. d4 cxd4 4. Nxd4 e5 5. Nb3 Nf6 6. Bd3 Nc6 7. c3 Be7 8. N1d2 d5 9. exd5 Qxd5 10. Bf1 Bf5
11. Nf3 Qxd1+ 12. Kxd1 O-O-O+ 13. Ke1 e4 14. Nfd4 Bg4 15. Be3 Ne5 16. h3 Bh5 17. Be2 Bg6 18. Rd1 Rhe8 19. g3 Nd5 20. Kf1 Nxe3+
21. fxe3 Rd6 22. Kg2 Nd3 23. Rd2 Rf6 24. Bg4+ Kb8 25. Rf1 Rxf1 26. Kxf1 h5 27. Be2 h4 28. g4 Bg5 29. Bxd3 exd3 30. Nf5 Bxf5
31. gxf5 Rxe3 32. Rf2 Rxh3 33. Nc5 Be3
0-1

[Event "29th February Tetrannual Cup"]
[Site "SchemingMind.com"]
[Date "2012.03.18"]
[Round "-"]
[White "Phillip Beckett"]
[Black "emvarela"]
[Result "1-0"]
[WhiteCountry "ENG"]
[BlackCountry "ARG"]
[WhiteElo "1640"]
[WhiteRD "50"]
[BlackElo "1697"]
[BlackRD "45"]
[GameID "305338"]

1. e4 e5 2. Nf3 Nc6 3. Bb5 f5 4. Bxc6 dxc6 5. exf5 e4 6. Ne5 Bxf5 7. d4 Nf6 8. O-O Bd6 9. f4 Bxe5 10. fxe5 Bg4
11. Qd2 Nd5 12. c4 e3 13. Qe1 e2 14. Rf2 Nb6 15. h3 Bh5 16. g4 Bxg4 17. hxg4 Qxd4 18. Qxe2 Rf8 19. Be3 Qxc4 20. Rxf8+ Kxf8
21. Qf2+ Kg8 22. Nc3 Qxg4+ 23. Kh2 Rf8 24. Qg3 Qh5+ 25. Kg2 Qf5 26. Re1 Nd5 27. Re2 Nxe3+ 28. Qxe3 Rd8 29. Qf3 Qe6 30. Qh3 Qg6+
31. Kh2 Rd3 32. Qc8+ Kf7 33. Rf2+
1-0

[Event "29th February Tetrannual Cup"]
[Site "SchemingMind.com"]
[Date "2012.03.14"]
[Round "-"]
[White "Phillip Beckett"]
[Black "Bricriu"]
[Result "0-1"]
[WhiteCountry "ENG"]
[BlackCountry "IRL"]
[WhiteElo "1548"]
[WhiteRD "54"]
[BlackElo "1599"]
[BlackRD "88"]
[GameID "305339"]

1. e4 d5 2. exd5 Qxd5 3. d4 Nc6 4. Nf3 Bg4 5. Be2 O-O-O 6. c3 e5 7. O-O exd4 8. Nxd4 Bxe2 9. Qxe2 Nxd4 10. cxd4 Qxd4
11. Nc3 Bd6 12. Be3 Qe5 13. g3 f5 14. Bf4 Qxe2 15. Nxe2 Nf6 16. Bxd6 Rxd6 17. Nc3 a6 18. Rad1 Rhd8 19. Rxd6 Rxd6 20. Rd1 Rxd1+
21. Nxd1 c5 22. Ne3 g6 23. Nc4 Kc7 24. f3 b5 25. Ne5 Kd6 26. Nd3 c4 27. Nb4 a5 28. Nc2 b4 29. Ne3 Kc5 30. Kf2 Nd7
31. Ke2 Ne5 32. Kd2 Nd3 33. Nc2 Nxb2 34. Ne3 c3+ 35. Kc2 Nc4 36. Nxc4 Kxc4 37. h4 a4 38. g4 b3+ 39. axb3+ axb3+ 40. Kc1 Kd3
0-1

[Event "29th February Tetrannual Cup"]
[Site "SchemingMind.com"]
[Date "2012.03.14"]
[Round "-"]
[White "Phillip Beckett"]
[Black "Michal Drus"]
[Result "1-0"]
[WhiteCountry "ENG"]
[BlackCountry "POL"]
[WhiteElo "1594"]
[WhiteRD "53"]
[BlackElo "1625"]
[BlackRD "61"]
[GameID "305340"]

1. e4 c6 2. d4 d5 3. Nc3 f5 4. exd5 cxd5 5. Bd3 e6 6. Nf3 Bb4 7. Bd2 Nf6 8. a3 Be7 9. Ne5 Nbd7 10. f4 O-O
11. O-O Qb6 12. Nf3 Ne4 13. Na4 Qc7 14. Ne5 Nxd2 15. Qxd2 Nxe5 16. fxe5 h6 17. Rf3 g5 18. Rh3 Kg7 19. Qe2 g4 20. Rh5 Kg6
21. Qxg4+ Kf7 22. Qh3 Bd7 23. Rxh6 Ke8 24. Rh8 Bxa4 25. Qh5+ Kd7 26. Rxf8 Rxf8 27. b3 Bc6 28. b4 Ba4 29. Rc1 Qc3 30. Qe2 Qxd4+
31. Kh1 Rc8 32. Bb5+ Bxb5 33. Qxb5+ Kc7 34. c4 Kb8 35. c5 Rg8 36. c6 Qf2 37. Qxb7#
1-0

[Event "29th February Tetrannual Cup"]
[Site "SchemingMind.com"]
[Date "2012.03.15"]
[Round "-"]
[White "e_castle3"]
[Black "Phillip Beckett"]
[Result "1-0"]
[WhiteCountry "PHI"]
[BlackCountry "ENG"]
[WhiteElo "1883"]
[WhiteRD "64"]
[BlackElo "1593"]
[BlackRD "56"]
[GameID "305342"]

1. e4 e5 2. Nf3 Nc6 3. Bb5 a6 4. Ba4 Nf6 5. O-O Be7 6. Re1 b5 7. Bb3 O-O 8. c3 d5 9. exd5 Nxd5 10. Nxe5 Nxe5
11. Rxe5 Nf6 12. d4 Bd6 13. Re1 Ng4 14. h3 Qh4 15. Qf3 Nxf2 16. Bd2 Bb7 17. Qxf2 Bg3 18. Qf1 Bxe1 19. Bxe1 Qe4 20. Nd2 Qe3+
21. Qf2 Qxf2+ 22. Bxf2 Kh8 23. Re1 Rae8 24. Rxe8 Rxe8 25. Kf1 f5 26. Nf3 Be4 27. Ne5 c6 28. Nf7+ Kg8 29. Nd6+ Kf8 30. Nxe8
1-0

[Event "29th February Tetrannual Cup"]
[Site "SchemingMind.com"]
[Date "2012.03.15"]
[Round "-"]
[White "jdcald13"]
[Black "Phillip Beckett"]
[Result "1-0"]
[WhiteCountry "USA"]
[BlackCountry "ENG"]
[WhiteElo "2010"]
[WhiteRD "83"]
[BlackElo "1575"]
[BlackRD "55"]
[GameID "305343"]

1. c4 e5 2. Nc3 Nf6 3. g3 d5 4. cxd5 Nxd5 5. Bg2 Be6 6. Nf3 Nc6 7. Qa4 Qd7 8. Nxe5 Nxe5 9. Qxd7+ Nxd7 10. Nxd5 Bxd5
11. Bxd5 c6 12. Bg2 O-O-O 13. O-O Bc5 14. e3 Bb6 15. b3 Nc5 16. d4 Ne6 17. Ba3 Rhe8 18. Rac1 Kb8 19. Rfd1 c5 20. dxc5 Rxd1+
21. Rxd1 Bxc5 22. Bxc5 Nxc5 23. b4 Ne6 24. Rd7 Nd8 25. Kf1 Kc8 26. Bh3 Kb8 27. Ke2 a6 28. a3 b5 29. Kd3 g6 30. Bg2 h5
31. Kd4 Ne6+ 32. Kd5 Rd8 33. Rxd8+ Nxd8 34. Kd6 Kc8 35. Bd5
1-0

[Event "29th February Tetrannual Cup"]
[Site "SchemingMind.com"]
[Date "2012.03.15"]
[Round "-"]
[White "echecs"]
[Black "Phillip Beckett"]
[Result "1/2-1/2"]
[WhiteCountry "ENG"]
[BlackCountry "ENG"]
[WhiteElo "1806"]
[WhiteRD "69"]
[BlackElo "1594"]
[BlackRD "53"]
[GameID "305344"]

1. e4 e5 2. Nf3 Nc6 3. Bc4 Nf6 4. Ng5 Bc5 5. Nxf7 Bxf2+ 6. Kf1 Qe7 7. Nxh8 d5 8. exd5 Nd4 9. d6 cxd6 10. c3 Bg4
11. Qa4+ Bd7 12. Qd1 Bg4 13. Qa4+ Bd7= 14. Bf7+ Kf8 15. Qd1 Bg4 16. Qa4 Bd7 17. Qd1=
1/2-1/2

[Event "29th February Tetrannual Cup"]
[Site "SchemingMind.com"]
[Date "2012.03.14"]
[Round "-"]
[White "Archon"]
[Black "Phillip Beckett"]
[Result "1/2-1/2"]
[WhiteCountry "CAN"]
[BlackCountry "ENG"]
[WhiteElo "1715"]
[WhiteRD "55"]
[BlackElo "1575"]
[BlackRD "55"]
[GameID "305345"]

1. Nf3 Nf6 2. c4 d5 3. g3 e6 4. Bg2 c6 5. d4 Nbd7 6. Qc2 Be7 7. O-O O-O 8. Rd1 dxc4 9. Qxc4 Nb6 10. Qc2 Qc7
11. Bf4 Qd8 12. Nc3 Nbd5 13. Nxd5 cxd5 14. Ne5 Bd7 15. Rac1 Rc8 16. Qb1 Ba4 17. b3 Bd7 18. Nd3 Qb6 19. Ne5 Bb5 20. Nd3 Bd7
21. Bd2 Rxc1 22. Rxc1 Rc8 23. Rxc8+ Bxc8 24. Qc1 Qc6 25. Nc5 Bxc5 26. dxc5 Nd7 27. b4 b6 28. cxb6 Qxc1+ 29. Bxc1 Nxb6 30. Be3 Ba6
31. Bxb6 axb6 32. a4 Bc4 33. e3 Kf8 34. Bf1 Bb3 35. a5 bxa5 36. bxa5 Ba4 37. Ba6 Bc6 38. Kf1 Ke7 39. Ke2 Kd6 40. Kd3 Kc5
41. Kc3 Bd7 42. Kb3 Bb5 43. Bb7 Bd7 44. Ba6 Bb5 45. Bb7=
1/2-1/2

[Event "29th February Tetrannual Cup"]
[Site "SchemingMind.com"]
[Date "2012.03.14"]
[Round "-"]
[White "smothered mate"]
[Black "Phillip Beckett"]
[Result "1-0"]
[WhiteCountry "POL"]
[BlackCountry "ENG"]
[WhiteElo "1994"]
[WhiteRD "71"]
[BlackElo "1594"]
[BlackRD "53"]
[GameID "305346"]

1. e4 e5 2. Nf3 Nc6 3. Nc3 Nf6 4. g3 d6 5. Bg2 g6 6. d4 exd4 7. Nxd4 Nxd4 8. Qxd4 Bg7 9. Bg5 h6 10. Be3 O-O
11. Qd2 Kh7 12. h3 Be6 13. O-O-O Qe7 14. f4 a5 15. g4 a4 16. f5 gxf5 17. exf5 Bd7 18. Rhe1 Qd8 19. Qd3 Bc6 20. Ne4 Nxe4
21. Bxe4 Bxe4 22. Qxe4 f6 23. h4 Re8 24. Qg2 b5 25. g5 fxg5 26. hxg5 hxg5 27. Rh1+ Kg8 28. Bxg5 Qd7 29. f6 Bxf6 30. Bxf6+ Kf7
31. Rh7+ Ke6 32. Qd5+ Kxf6 33. Rf1+
1-0

[Event "29th February Tetrannual Cup"]
[Site "SchemingMind.com"]
[Date "2012.03.18"]
[Round "-"]
[White "emvarela"]
[Black "Phillip Beckett"]
[Result "1-0"]
[WhiteCountry "ARG"]
[BlackCountry "ENG"]
[WhiteElo "1740"]
[WhiteRD "47"]
[BlackElo "1548"]
[BlackRD "54"]
[GameID "305347"]

1. e4 e5 2. Nf3 Nc6 3. d4 exd4 4. Bc4 Nf6 5. O-O Bc5 6. e5 d5 7. exf6 dxc4 8. fxg7 Rg8 9. Re1+ Be6 10. Bg5 Be7
11. Bxe7 Qxe7 12. Nbd2 O-O-O 13. Ne4 Rxg7 14. Ng3 Rdg8 15. Nxd4 Nxd4 16. Qxd4 h5 17. Qxa7 Kd8 18. Rad1+ Ke8 19. Qb8+
1-0

[Event "29th February Tetrannual Cup"]
[Site "SchemingMind.com"]
[Date "2012.03.14"]
[Round "-"]
[White "Bricriu"]
[Black "Phillip Beckett"]
[Result "0-1"]
[WhiteCountry "IRL"]
[BlackCountry "ENG"]
[WhiteElo "1598"]
[WhiteRD "106"]
[BlackElo "1593"]
[BlackRD "56"]
[GameID "305348"]

1. d4 d5 2. Nc3 Nf6 3. Bg5 e6 4. e4 dxe4 5. Nxe4 Be7 6. Bxf6 Bxf6 7. Nf3 Nd7 8. Qd2 O-O 9. O-O-O c6 10. g4 Be7
11. g5 Qc7 12. h4 e5 13. h5 exd4 14. Nxd4 Ne5 15. g6 fxg6 16. hxg6 h6 17. f4 c5 18. Bc4+ Nxc4 19. Nb5 Qb6
0-1

[Event "29th February Tetrannual Cup"]
[Site "SchemingMind.com"]
[Date "2012.03.14"]
[Round "-"]
[White "Michal Drus"]
[Black "Phillip Beckett"]
[Result "1-0"]
[WhiteCountry "POL"]
[BlackCountry "ENG"]
[WhiteElo "1625"]
[WhiteRD "61"]
[BlackElo "1594"]
[BlackRD "53"]
[GameID "305349"]

1. e4 e5 2. Nf3 Nc6 3. d4 exd4 4. Nxd4 Bc5 5. Be3 Qf6 6. Nb5 Bxe3 7. fxe3 Qd8 8. Qg4 g6 9. Bc4 d6 10. Qf4 Ne5
11. O-O f6 12. Bxg8 Rxg8 13. Qh4 Qe7 14. Qxf6 Qxf6 15. Rxf6 Kd7 16. Nd4 b6 17. Nc3 Bb7 18. Nd5 Bxd5 19. exd5 Raf8 20. Raf1 Ke7
21. Rxf8 Rxf8 22. Rxf8 Kxf8 23. b3 Ke7 24. Nb5 c6 25. Nxa7 cxd5 26. Kf2 Kd7 27. Nb5 Kc6 28. a4 Nd7 29. Nd4+ Kc5 30. Kf3 Ne5+
31. Ke2 Ng4 32. c3 Nxh2 33. Kd3 Ng4 34. b4#
1-0